000 00515nam a22001697a 4500
999 _c64044
_d64044
005 20200111163425.0
010 _aB-189851
020 _a0070605866
_c00.00
035 _aB-189850
035 _aB-189851
037 _aDPL
_bENG
100 _aTracy, Brian
245 _aGoals :
_bHow to get everything you want - faster than you ever thought possible /
_cby Brian Tracy
260 _aNew Delhi
_bTata McGraw-Hill Publishing
_c2004
300 _avii, 291p.
_c20 cms.
942 _2ddc
_cEN
_h158.1
_mTRA